Statistiques concernant Les maréchaux de Napoléon Ier

Cliquez ici pour prendre le quiz!

Statistiques générales

  • Ce quiz a été pris 2 399 fois
  • Le résultat moyen est 11 sur 26

Statistiques - réponses

Réponse% Correct
Ney
89%
Murat
84%
Davout
71%
Lannes
71%
Bernadotte
60%
Masséna
58%
Soult
57%
Berthier
52%
Grouchy
48%
MacDonald
46%
Poniatowski
41%
Augereau
40%
Kellerman
39%
Bessières
36%
Brune
36%
Suchet
34%
Mortier
33%
Oudinot
33%
Jourdan
30%
Marmont
30%
Sérurier
29%
Gouvion Saint Cyr
28%
Lefèbvre
28%
Victor
28%
Moncey
24%
Pérignon
23%

Distribution des résultats

Percentile par nombre de réponses

% des personnes avec chaque résultat

Votre développement - résultats

Vous n’avez pas pris ce quiz